| 000 | 00000nam 2200000zi 4500 |
| 001 | 9.954226 |
| 003 | CaOODSP |
| 005 | 20250822101336 |
| 006 | m o d f |
| 007 | cr mn||||||||| |
| 008 | 250818s2024 onca o f000 0 eng d |
| 040 | |aCaOODSP|beng|erda|cCaOODSP |
| 043 | |an-cn--- |
| 086 | 1 |aT35-2/4-1-2024E-PDF |
| 245 | 00|aKey facts about Ship and Rail Compensation Canada - Rail Fund. |
| 264 | 1|aOttawa, ON : |bShip and Rail Compensation Canada, Rail Fund, |c[2024] |
| 300 | |a1 online resource (8 unnumbered pages) : |bcolour illustrations |
| 336 | |atext|btxt|2rdacontent |
| 337 | |acomputer|bc|2rdamedia |
| 338 | |aonline resource|bcr|2rdacarrier |
| 500 | |aIssued also in French under title: Faits saillants sur Indemnisation navire et rail Canada - Fonds rail. |
| 610 | 20|aShip and Rail Compensation Canada. |bRail Fund. |
| 650 | 0|aLiability for railroad accidents|zCanada. |
| 650 | 0|aCompensation (Law)|zCanada. |
| 650 | 0|aDamages|zCanada. |
| 710 | 2 |aShip and Rail Compensation Canada. |bRail Fund, |eissuing body. |
| 775 | 08|tFaits saillants sur Indemnisation navire et rail Canada - Fonds rail.|w(CaOODSP)9.954225 |
| 856 | 40|qPDF|s4.26 MB|uhttps://publications.gc.ca/collections/collection_2025/tc/T35-2-4-1-2024-eng.pdf |